Estudio a nivel de pre factibilidad para el proyecto abastecimiento de agua y saneamiento rural, para la comunidad de San Juan, municipio de Nueva Guinea, Región Autónoma de la Costa Caribe Sur RACCS
Presenta una propuesta para ingeniería para realizar un estudio a nivel de pre factibilidad para el proyecto abastecimiento de agua y saneamiento rural para la comunidad de San Juan, municipio de Nueva Guinea, Región Autónoma de la Costa Caribe Sur (RACCS), con el objetivo de analizar la demanda...
| Main Authors: | , , |
|---|---|
| Other Authors: | |
| Format: | Tesis Section = Libro |
| Language: | Undetermined Spanish |
| Published: |
Managua
UNI-IES
2019
|
| Subjects: |
| LEADER | 01533nam a2200301Ia 4500 | ||
|---|---|---|---|
| 008 | 240830s9999 xx 000 0 und d | ||
| 040 | |a BIBLIOTECA-RUPAP Mon 628.72 M385 | ||
| 041 | |a spa | ||
| 082 | |a Mon 628.72 M385 | ||
| 100 | 1 | |a Martínez Cerda, Heysser Jonathan | |
| 100 | 1 | |b Ortiz Álvarez, Gabriel Alexander | |
| 100 | 1 | |c Cuevas Saballos, Aldrin Galois | |
| 245 | 1 | 0 | |a Estudio a nivel de pre factibilidad para el proyecto abastecimiento de agua y saneamiento rural, para la comunidad de San Juan, municipio de Nueva Guinea, Región Autónoma de la Costa Caribe Sur RACCS |
| 260 | |a Managua |b UNI-IES |c 2019 | ||
| 300 | |a 95 p. :il. | ||
| 500 | |a Contiene: anexos y CD. | ||
| 502 | |a Tesis (Ingeniero Civil)- UNI, 2019. | ||
| 520 | 3 | |a Presenta una propuesta para ingeniería para realizar un estudio a nivel de pre factibilidad para el proyecto abastecimiento de agua y saneamiento rural para la comunidad de San Juan, municipio de Nueva Guinea, Región Autónoma de la Costa Caribe Sur (RACCS), con el objetivo de analizar la demanda actual y futura de agua, considerar la factibilidad técnica para su realización y estudiar la viabilidad económica y social para la ejecución del mismo. | |
| 650 | 7 | |a ABASTECIMIENTO DE AGUA | |
| 650 | 7 | |b AGUA POTABLE-PROYECTOS | |
| 650 | 7 | |c INGENIERIA SANITARIA | |
| 650 | 7 | |d CALIDAD DEL AGUA | |
| 650 | 7 | |e SANEAMIENTO RURAL | |
| 650 | 7 | |f SALUD PUBLICA-NICARAGUA | |
| 700 | 1 | |a Tutor: |b Rivera Medina, Ricardo José | |
| 942 | |c BK |2 ddc | ||
| 991 | |a TESIS | ||
| 999 | |c 16534 | ||